00345nam a2200109Ia 4500008004100000082001000041100002900051245004500080260002000125630004500145730004500190100328s9999 xx 000 0 und d b57671 aइंगळे व.न. aदरिद्री नारायण bसाकेत aदरिद्री नारायण aदरिद्री नारायण